| 000 | 00941nam a2200313 a 4500 | ||
|---|---|---|---|
| 999 |
_c6893 _d6893 |
||
| 001 | 6893 | ||
| 003 | BD-JhCC | ||
| 005 | 20180422091646.0 | ||
| 008 | 180131s1801 pau s 000 0 eng d | ||
| 035 | _a(BD-JhCC)6893 | ||
| 040 |
_aBD-JhCC _cMWA _dBD-JhCC |
||
| 041 | _aeng | ||
| 082 |
_a822.33 _bSHA 1801 |
||
| 091 | _aecol | ||
| 100 | 1 |
_aShakespeare, William, _d1564-1616. |
|
| 240 | 1 | 0 | _aRomeo and Juliet |
| 245 | 1 | 0 |
_aRomeo & Juliet / _cby William Shakespeare ; Ralph E. E. Houghton |
| 250 | _a1st American ed. | ||
| 260 |
_aPhiladelphia : _bPrinted and sold by John Bioren, _c1801. |
||
| 300 |
_a192 p. _c18 cm. |
||
| 506 | _aSubscription and registration required for access. | ||
| 510 | 4 |
_aShaw & Shoemaker _c50252 |
|
| 650 | _aDrama | ||
| 700 | 1 | _aHoughton, Ralph E. E. | |
| 830 | 0 |
_aEarly American imprints. _vno. 50252. |
|
| 856 | 4 | 1 | _uhttp://opac.newsbank.com/select/shaw/50252 |
| 942 |
_2ddc _cBK |
||